| 000 | 00867nac a22002411u 4500 | ||
|---|---|---|---|
| 010 | _a010676444 | ||
| 020 | _a0333641906 (pbk) | ||
| 082 |
_a004.256 _bMIT |
||
| 090 |
_c6373 _d6373 |
||
| 100 | _aMitchell, R. J. | ||
| 245 |
_aMicroprocessor systems : an introduction / _cR.J. Mitchell. |
||
| 260 |
_aBasingstoke : _b Macmillan, c.1995. _cc.1995. |
||
| 300 |
_aviii, 312 p. : _bill. ; _c24 cm. |
||
| 500 | _aDistributer: Al-Ahram. | ||
| 511 | _aCatalogued By: Mahitab. | ||
| 650 | _aMicroprocessors. | ||
| 650 | _aMicrocomputers. | ||
| 650 | _aIntel 80xxx series microprocessors. | ||
| 650 | _aMotorola 68000 series microprocessors. | ||
| 650 | _aMicroprocessors Design | ||
| 942 |
_cBB _k004.256MIT |
||
| 999 |
_c6373 _d6373 |
||